000 01907nam a2200361 4500
001 87
003 OSt
005 20250528074011.0
008 250123b |||||||d |||| 00| 1 eng d
020 _a850106808X
040 _bpor
041 _heng
_apor
082 _a028.5
_bC116p
100 1 _aCabot, Meg,
_d1967-
_9199
240 _aPrincess in waiting
245 _aA princesa:
_bÀ espera /
_cCabot, Meg ; Tradução de Maria Clara de Oliveira
250 _a7° edição
260 _aRio de Janeiro
_bRecord
_c2006
300 _a256 p.
490 1 _aO diário da Princesa
_vLivro 04
500 _aA Princesa à espera Sequência de: A princesa apaixoanada
520 _aMia Thermopolis, a princesinha que encantou jovens de todo o mundo no romance e no filme O diário da princesa, está de volta. Neste novo e quarto volume da série, A princesa à espera, Mia, depois de finalmente ter conquistado o coração do rapaz por quem era apaixonada, Michael Moscovitz, precisa passar as férias na Genovia, a milhares de quilômetros de seu amado. O livro é uma indiscreta espiadela num mundo totalmente selvagem. Cada página, o resumo perfeito das agruras e neuroses dos adolescentes. Desde amores não-correspondidos, até dias de cabelo ruim, passando por dúvidas existenciais e movimentos para salvar o planeta. Não esquecendo conflitos nada clássicos com os pais - a mãe de Mia está grávida de um de seus professores e o pai insiste que ela ande numa limusine com seguranças -, festas de arromba, roupas e ensaios para beijos franceses.
650 0 _aLiteratura Americana
_984
650 0 _aHumor
_960
650 0 _aAmor e Paixão
_925
650 0 _aInfantojuvenil
_9200
650 0 _aFilme
_926
655 0 _aRomance
_923
655 0 _aFicção
_922
700 _aMaria Claudia de Oliveira
_eTradutor
_9202
830 _aO diário da princesa
_vLivro 04
_9201
942 _2ddc
_n0
_cBK
999 _c87
_d87